| 000 | 00505nam a22001337a 4500 | ||
|---|---|---|---|
| 003 | OSt | ||
| 005 | 20160325100656.0 | ||
| 008 | 160325b xxu||||| |||| 00| 0 eng d | ||
| 040 | _cRUA | ||
| 082 | _aAGR YOU 2011 B472 Or.1 | ||
| 245 | _aEffect of planting methods on yield of cassava varietu km 94, ប្រសិទ្ធិភាពបច្ចេកទេសដាំដុះលើទិន្នផលនៃពូជដំឡូងមី KM ៩៤ | ||
| 300 |
_axii,69. _bill. _c29cm. |
||
| 942 |
_2ddc _cAGR |
||
| 999 |
_c7834 _d7834 |
||